000 00483nam a2200181Ia 4500
001 7926
005 20260306160531.0
008 260306t2011||||xx |||||||||||||| ||spa||
041 _aESP
082 _a364
_bB58
100 _aBirkbeck, Christopher
_eAUT
245 0 _aCriminologĂ­a comparada:
_bestudios de caso sobre delincuencia, control social y moralidad
260 _c2011
300 _a528 páginas :
_c24 cm.
650 _aGEN
654 _aCPS
942 _cLIB
_dJUS
_fJUS
_2ddc
_n
999 _c7926
_d7926